[Event "EWCCC Online Preliminary-D 2020"]
[Site "Online"]
[Date "2020.12.19"]
[Round "5.1"]
[White "Mammadova, Gulnar"]
[Black "Heinemann, Josefine"]
[Result "1-0"]
[WhiteElo "2382"]
[BlackElo "2302"]
[Annotator "TA"]
[PlyCount "125"]
[EventDate "2020.12.19"]
[EventType "team-tourn"]
[EventCountry "NET"]
[SourceTitle "playchess.com"]
[Source "ChessBase"]
[SourceQuality "1"]

{[%evp 13,125,12,15,13,45,18,32,19,31,26,29,19,17,17,41,35,67,21,12,18,18,-6,7,0,67,72,60,-23,18,0,10,12,4,12,24,13,0,2,160,111,106,81,81,60,68,53,76,-257,92,76,200,147,134,83,202,203,483,450,446,381,381,368,412,389,500,504,508,408,565,552,678,525,494,458,510,490,483,419,770,432,736,725,683,622,715,704,1139,631,629,624,577,636,610,575,575,583,869,843,856,806,1120,1120,1089,968,1270,1222,1256,1235,1854,1837,1756,1681,2240,2144]} 1. e4 e5 2. Nf3 Nc6 3. Bc4 Bc5 4. d3 Nf6 5. O-O O-O 6. a4 a5 7. c3 d6 8. Bg5 {C54: Giuoco Piano: 4 c3 Nf6, main lines with 5 d4 and 5 d3.} Bb6 9. Nbd2 h6 10. Bh4 {White is slightly better.} g5 11. Bg3 {[#]} Kg7 $146 ({Predecessor:} 11... Kh8 12. Bb3 Nh7 13. Nc4 f5 14. Nxb6 cxb6 15. exf5 Bxf5 16. h3 g4 17. Nh4 gxh3 18. Nxf5 Rxf5 {0-1 (60) Vaibhav,S (2590)-Meskovs,N (2557) chess.com INT 2019}) 12. Bb5 Ne7 {[%cal Bc6e7,Be7g6,Bg6e5][%mdl 32]} 13. d4 exd4 14. Nxd4 Ng6 15. Nf5+ Bxf5 16. exf5 Ne5 17. Kh1 Rh8 18. Be2 h5 (18... c6 $11) 19. f4 $14 gxf4 20. Bh4 (20. Bxf4 $14 Qd7 21. Nc4) 20... Neg4 (20... d5 {is more complex.} 21. Rxf4 Qd6 22. Bxf6+ Kxf6 23. Rh4 Rag8) 21. Bxg4 hxg4 22. Bxf6+ Qxf6 23. Qxg4+ {[%mdl 64] [#] Double Attack} Kf8 24. Qxf4 Rh4 25. Qg3 Ke7 $2 (25... Re8 $11) 26. Rae1+ Kd7 27. Ne4 Qh6 {[#] Strongly threatening ...Rg8!} 28. h3 $1 Rh8 29. Kh2 $36 {[%mdl 2048] White has good play.} Kc8 30. Rf3 $2 {[%mdl 8192]} (30. Ng5 $16 {stays on course.} Qf6 31. Rf4) 30... Kb8 $2 ({Black should try} 30... d5 $19 31. Ng5 Rg8 32. Nxf7 Rxg3 33. Nxh6 Rxf3 34. gxf3 Rxh6) 31. Qg5 Re8 (31... Qxg5 $16 {was worth a try.} 32. Nxg5 f6) 32. Qxh6 Rxh6 33. Re2 (33. c4 $142) 33... Rh4 (33... d5 $16 34. Ng3 Rg8) 34. g4 $18 Reh8 $2 (34... d5) 35. Kg2 Kc8 36. Ng5 f6 37. Ne6 Re8 38. Kg3 Rhh8 39. h4 Kd7 40. h5 Reg8 {If only Black now had time for ...Rxh5....} 41. Nf4 Rh7 42. Ng6 c6 43. c4 Bc5 44. Re6 Rf7 45. Rd3 b6 (45... Re8 $142 46. h6 Rxe6) 46. b3 {White is clearly winning.} Bb4 (46... Re8 $142 47. Rxe8 Kxe8) 47. Kh4 Bc5 48. Rd2 Bb4 49. Rde2 Rgg7 50. Re8 d5 51. cxd5 cxd5 52. h6 Rh7 53. Kh5 d4 {And now ...d3 would win.} 54. R8e4 d3 55. Rd4+ {[%mdl 64] Double Attack} Kc6 56. Rxd3 Bc5 57. Re8 Bb4 58. Rdd8 Bc5 59. Re6+ Kc7 60. Rh8 Bb4 61. Rxh7 Rxh7 62. Rxf6 Bd2 63. g5 {Weighted Error Value: White=0.49/Black=0.56} 1-0

[Event "EWCCC Online Preliminary-D 2020"]
[Site "Online"]
[Date "2020.12.19"]
[Round "5.1"]
[White "Unuk, Laura"]
[Black "Mammadzada, Gunay"]
[Result "1/2-1/2"]
[WhiteElo "2346"]
[BlackElo "2443"]
[Annotator "TA"]
[PlyCount "107"]
[EventDate "2020.12.19"]
[EventType "team-tourn"]
[EventCountry "NET"]
[SourceTitle "playchess.com"]
[Source "ChessBase"]
[SourceQuality "1"]

{[%evp 9,107,21,36,21,21,35,23,16,16,16,16,16,14,14,20,14,14,24,8,16,16,14,23,11,59,62,70,72,80,70,47,75,77,79,79,74,72,67,82,51,86,75,79,63,63,72,77,41,52,41,85,91,100,64,58,56,63,70,58,50,62,57,69,61,102,102,106,106,125,128,125,114,121,114,125,95,147,87,133,115,166,166,122,106,114,85,85,36,36,36,48,0,0,0,0,0,0,0,0,0]} 1. d4 d5 2. c4 c6 3. Nf3 Nf6 4. e3 Bf5 5. Nc3 a6 6. Ne5 {D15: Slav Defence: 4 Nc3 a6 and gambit lines after 4 Nc3 dxc4.} Nbd7 7. Qb3 Qc7 8. cxd5 {White has an edge.} Nxe5 9. dxe5 Nxd5 10. Nxd5 cxd5 11. Bd2 Qxe5 12. Rc1 Bd7 13. Bc3 {13.Bc3 has lost popularity.} Qc7 14. Qxd5 Bc6 15. Qg5 h6 16. Qg4 {[#]} Bd7 $146 ({Predecessor:} 16... h5 17. Qg3 Rc8 18. Qxc7 Rxc7 19. f3 e6 20. Kf2 f6 21. Ba5 Rc8 22. Bc4 Kf7 {½-½ (66) Buhmann,R (2633)-Danin,A (2587) Austria 2017}) 17. Qh5 e6 18. Bd3 Bb4 19. O-O Bxc3 20. Rxc3 Bc6 {[#]} 21. Be4 $1 O-O 22. Bxc6 bxc6 23. Rfc1 Qb7 24. b3 Rac8 25. h3 Rfd8 26. Rc4 Rd5 27. Qe2 Qd7 28. Rg4 a5 29. Qb2 {[%csl Gg4][%cal Rb2g7] [#]} e5 30. Rgc4 Rd2 31. Qxe5 Rxa2 32. Rg4 {[%csl Gg4][%cal Re5g7]} f6 33. Qc5 Kh8 34. Rd4 Qe6 35. Rd6 Qxb3 36. Qf5 Rf8 37. Rdxc6 {Threatens to win with Rc8.} Rd2 38. Qxa5 Qb2 39. Qf5 Qe5 40. Qg4 Qg5 41. Qf3 Kh7 42. Qe4+ f5 (42... Qg6 $142 43. Qb4 Rfd8) 43. Qe5 ({White should try} 43. Qf3) 43... Rd7 44. Rc7 Rfd8 (44... Rxc7 $16 {was necessary.} 45. Rxc7 Qf6) 45. Rxd7 $18 Rxd7 {[%mdl 4096] Endgame KQR-KQR} 46. h4 Qg4 47. f3 Qg6 48. Rc5 Rd2 $1 {[%csl Gd2][%cal Rg6g2]} 49. Qxf5 {Black must now prevent g4.} Rxg2+ 50. Kh1 Rg1+ $1 {The position is equal.} 51. Kh2 Rg2+ $1 52. Kh1 Rg1+ $1 53. Kh2 Rg2+ $1 54. Kh1 {Weighted Error Value: White=0.11/Black=0.08} 1/2-1/2

[Event "EWCCC Online Preliminary-D 2020"]
[Site "Online"]
[Date "2020.12.19"]
[Round "5.1"]
[White "Fataliyeva, Ulviyya"]
[Black "Trippold, Denise"]
[Result "0-1"]
[WhiteElo "2301"]
[BlackElo "2137"]
[Annotator "TA"]
[PlyCount "132"]
[EventDate "2020.12.19"]
[EventType "team-tourn"]
[EventCountry "NET"]
[SourceTitle "playchess.com"]
[Source "ChessBase"]
[SourceQuality "1"]

{[%evp 17,132,0,20,-6,0,0,3,0,8,0,0,0,19,15,66,0,0,0,-3,-4,23,26,25,17,29,-19,-21,-37,-47,-128,-89,-123,-86,-79,-52,-50,0,0,0,-17,5,0,0,-89,9,-28,-29,-49,-41,-48,-43,-543,-543,-530,-499,-615,-611,-594,-471,-478,-471,-452,-419,-419,-412,-400,-393,-413,-395,-459,-455,-502,-477,-457,-468,-536,-485,-768,-719,-890,-500,-412,0,-883,-493,-493,-486,-555,-549,-505,-501,-633,-656,-6925,-6291,-29968,-29965,-29970,-29969,-29972,-29973,-29977,-29978,-29978,-29979,-29979,-29979,-29987,-29988,-29988,-29989,-29989,-29987,-29987,-29983,-29986,-29987]} 1. d4 Nf6 2. c4 e6 3. Nc3 Bb4 4. e3 O-O 5. Bd3 d5 6. Nf3 dxc4 7. Bxc4 c5 8. O-O cxd4 9. exd4 b6 10. Qa4 {[#] E54: Nimzo-Indian: Rubinstein: Main Line: 7...dxc4 8 Bxc4.} Bxc3 $146 ({Predecessor:} 10... Be7 11. Be3 Bb7 12. Ne5 a6 13. Qb3 b5 14. Nxf7 Rxf7 15. Bxe6 Qe8 16. Rfe1 Bc8 17. Bxf7+ Qxf7 {1-0 (44) Van Foreest,J (2682)-Huschenbeth,N (2612) Linares 2020}) 11. bxc3 Bb7 12. Ne5 {The position is equal.} a6 13. Qc2 b5 14. Bd3 Qd5 {[%csl Gb7][%cal Rd5g2]} 15. f3 h6 (15... Nc6 $11 16. Nxc6 Bxc6) 16. Be3 (16. Qf2 $14) 16... Nc6 $11 17. Be4 Qd6 18. Nd3 Nd5 19. Bf2 Na5 20. Nc5 Qe7 21. Nxb7 Qxb7 22. Rfc1 Rac8 23. Qe2 ({White should try} 23. Qd1 $15) 23... Rc4 24. Bd3 Rxc3 25. Qe4 {[%csl Gd3][%cal Re4h7] [#]} Rxc1+ $1 26. Rxc1 {[%csl Gd3][%cal Re4h7]} Nf6 (26... g6 {is more complex.} 27. h4 h5 28. Qe1 Nc4 29. Bxc4 bxc4 30. Rxc4 Qb2) 27. Qxb7 Nxb7 28. Rc7 Nd8 29. Bg3 Nd5 30. Rc5 (30. Rc8 $11) 30... Nb4 (30... Nb7 $17 31. Rc1 Rd8) 31. Bb1 Nb7 32. Rc7 {Threatens to win with a3.} Na5 $1 33. a3 Nd5 34. Bd3 $2 {[%mdl 8192] Black continues to play with concentration.} ({Better is} 34. Ra7 $1 $15) 34... Nxc7 $19 35. Bxc7 {[%mdl 4096] Endgame KRN-KB} Nc6 36. Be4 Nxd4 37. Bb7 {[#]} a5 $1 38. Bxa5 Nc2 39. Bc7 g6 40. Be4 Nd4 41. Be5 Nf5 42. g4 Ne3 43. Kf2 Nc4 44. Bc3 Rc8 45. Bb4 f5 46. gxf5 gxf5 47. Bb7 (47. Bd3 $142) 47... Rb8 48. Bc6 Rb6 49. Be8 Rb8 (49... Ne5 $142 50. Be7 Rb8) 50. Bc6 Kf7 {...Ne5 is the strong threat.} 51. f4 Rb6 52. Bf3 Ra6 53. Bh5+ Kg8 54. Be8 Nxa3 55. Bxa3 Rxa3 56. Bxb5 {KR-KB} Kf7 {Black mates.} 57. Bc6 Kf6 58. Bb7 e5 59. fxe5+ Kxe5 60. Bc8 Kf4 61. Be6 {Cut Off at move 61} Rc3 62. Bd7 Rc2+ 63. Kg1 Kf3 {[%cal Rc2c1]} 64. h3 Kg3 {[%cal Rc2c1]} 65. Kf1 f4 66. Bg4 f3 {Weighted Error Value: White=0.49/Black=0.42} 0-1

[Event "EWCCC Online Preliminary-D 2020"]
[Site "Online"]
[Date "2020.12.19"]
[Round "5.1"]
[White "Hrescak, Ivana"]
[Black "Balajayeva, Khanim"]
[Result "1/2-1/2"]
[WhiteElo "2212"]
[BlackElo "2376"]
[Annotator "RC"]
[PlyCount "96"]
[EventDate "2020.12.19"]
[EventType "team-tourn"]
[EventCountry "NET"]
[SourceTitle "playchess.com"]
[Source "ChessBase"]
[SourceQuality "1"]
[TimeControl "900+5"]

1. d4 {[%emt 0:00:00]} d5 {[%emt 0:00:03]} 2. c4 {[%emt 0:00:02]} dxc4 {[%emt 0:00:01]} 3. Nf3 {[%emt 0:00:05]} Nf6 {[%emt 0:00:03]} 4. e3 {[%emt 0:00:02]} e6 {[%emt 0:00:01]} 5. Bxc4 {[%emt 0:00:01]} a6 {[%emt 0:00:02]} 6. O-O {[%emt 0:00:03]} b5 {[%emt 0:00:02]} 7. Bd3 {[%emt 0:00:02]} Bb7 {[%emt 0:00:03]} 8. Nc3 {[%emt 0:00:03]} c5 {[%emt 0:00:09]} 9. dxc5 {[%emt 0:00:22]} Bxc5 {[%emt 0:00:53]} 10. Qe2 {[%emt 0:00:14]} Nbd7 {[%emt 0:00:19]} 11. Rd1 {[%emt 0:00:06]} O-O {[%emt 0:01:19]} 12. a3 {[%emt 0:00:04]} Qc7 {[%emt 0:00:16]} 13. e4 {[%emt 0:01:06]} Ng4 {[%emt 0:00:49]} 14. Rf1 {[%emt 0:00:08]} Rad8 {[%emt 0:01:17]} 15. h3 {[%emt 0:00:16]} Nge5 {[%emt 0:00:30]} 16. Nxe5 {[%emt 0:00:04]} Nxe5 {[%emt 0:00:16]} 17. Bc2 {[%emt 0:00:02]} Ng6 {[%emt 0:00:31]} 18. Be3 {[%emt 0:00:36]} Bd6 {[%emt 0:01:09]} 19. Rad1 {[%emt 0:01:35]} Be5 {[%emt 0:00:22]} 20. Bd2 {[%emt 0:02:51]} h6 {[%emt 0:00:48]} 21. Bb1 {[%emt 0:01:12]} Rd7 {[%emt 0:00:18]} 22. Na2 {[%emt 0:02:06]} Rfd8 {[%emt 0:01:44]} 23. Bc3 {[%emt 0:00:04]} Bxc3 {[%emt 0:02:51]} 24. Nxc3 {[%emt 0:00:04]} Nf4 {[%emt 0:00:16]} 25. Qf3 {[%emt 0:00:11]} e5 {[%emt 0:00:41]} 26. Rxd7 {[%emt 0:00:14]} Rxd7 {[%emt 0:00:03]} 27. Rd1 {[%emt 0:00:06]} Rd4 {[%emt 0:00:49]} 28. Ba2 {[%emt 0:01:30]} Qd6 {[%emt 0:00:52]} 29. Nd5 {[%emt 0:01:46]} Bxd5 {[%emt 0:00:05]} 30. Bxd5 {[%emt 0:00:10]} Rxd1+ {[%emt 0:00:34]} 31. Qxd1 {[%emt 0:00:06]} Qc7 {[%emt 0:00:03]} 32. Kh2 {[%emt 0:00:15]} Kh7 {[%emt 0:00:06]} 33. Qf3 {[%emt 0:00:17]} f6 {[%emt 0:00:13]} 34. g3 {[%emt 0:00:42]} Nxd5 {[%emt 0:00:06]} 35. exd5 {[%emt 0:00:01]} Kg8 {[%emt 0:00:01]} 36. Kg2 {[%emt 0:00:43]} Kf8 {[%emt 0:00:03]} 37. Qe4 {[%emt 0:00:11]} Qc5 {[%emt 0:00:07]} 38. g4 {[%emt 0:00:37]} Ke7 {[%emt 0:00:03]} 39. f3 {[%emt 0:00:07]} Kd6 {[%emt 0:00:04]} 40. Qg6 {[%emt 0:00:03]} Qc7 {[%emt 0:00:09]} 41. Qe4 {[%emt 0:00:03]} Qc1 {[%emt 0:00:04]} 42. Qg6 {[%emt 0:00:04]} Qg5 {[%emt 0:00:09]} 43. Qf7 {[%emt 0:00:02]} Qd2+ {[%emt 0:00:03]} 44. Kg3 {[%emt 0:00:01]} Qe1+ {[%emt 0:00:05]} 45. Kg2 {[%emt 0:00:02]} Qe2+ {[%emt 0:00:08]} 46. Kg3 {[%emt 0:00:01]} Qe1+ {[%emt 0:00:04]} 47. Kg2 {[%emt 0:00:02]} Qd2+ {[%emt 0:00:04]} 48. Kg3 {[%emt 0:00:05]} Qe1+ {[%emt 0:00:05]} 1/2-1/2

[Event "EWCCC Online Preliminary-D 2020"]
[Site "Online"]
[Date "2020.12.19"]
[Round "5.2"]
[White "Sebag, Marie"]
[Black "Ciuksyte, Dagne"]
[Result "1-0"]
[WhiteElo "2438"]
[BlackElo "2294"]
[Annotator "TA"]
[PlyCount "61"]
[EventDate "2020.12.19"]
[EventType "team-tourn"]
[EventCountry "NET"]
[SourceTitle "playchess.com"]
[Source "ChessBase"]
[SourceQuality "1"]

{[%evp 24,61,0,-9,0,0,7,11,22,0,0,0,0,0,2,-69,116,132,256,243,258,258,239,260,248,239,249,256,427,427,427,427,427,427,464,460,464,452,516,510]} 1. e4 c5 2. Nf3 e6 3. c3 Nf6 4. e5 Nd5 5. d4 cxd4 6. cxd4 d6 7. Bc4 Nc6 8. O-O Be7 9. Qe2 O-O 10. Nc3 Nxc3 11. bxc3 dxe5 12. dxe5 Qa5 13. Bd2 Rd8 {B22: Sicilian: 2 c3.} 14. Rfe1 Bd7 15. Rab1 Rab8 {The position is equal.} 16. Qe4 Qa4 17. Ng5 Bxg5 18. Bxg5 Rdc8 {[#]} 19. Qd3 $146 (19. Qf4 $11) ({Predecessor:} 19. Bf6 gxf6 20. exf6 Kh8 21. Qd3 Na5 22. Rb4 Nxc4 23. Rxa4 Bxa4 24. h3 Nb6 25. Re5 Rd8 26. Qe4 Bc6 27. Qh4 Rd1+ 28. Kh2 Rd5 29. Re4 h5 30. Qf4 {1-0 (30) Istratescu,A (2641)-Bleunven,A (2221) Plancoet 2012}) 19... Be8 $2 (19... Nxe5 $1 $15 {keeps the upper hand.} 20. Rxe5 Rxc4) 20. Bf6 $40 {[%mdl 128] [#] aiming for Re4. White wants a kill.} Ne7 ({Inferior is} 20... gxf6 21. Qg3+ Kf8 22. exf6 Bd7 23. Qg7+ Ke8 24. Qh8#) (20... Qa3 $16 {keeps fighting.}) 21. Rb4 $18 ({Stronger than} 21. Bxe7 Rxc4 22. Qd2 Rbc8 $11) 21... Qd7 22. Qxd7 Bxd7 23. Bxe7 a5 24. Bb5 axb4 25. Bxd7 Rc7 $2 (25... Rxc3 26. Bxb4 Rc4) 26. Bd6 {[%mdl 64] [#] Skewer. White is clearly winning.} Rxd7 27. Bxb8 bxc3 28. Bd6 f6 29. f4 fxe5 30. fxe5 b5 31. Rc1 {Weighted Error Value: White=0.12/Black=0.52} 1-0

[Event "EWCCC Online Preliminary-D 2020"]
[Site "Online"]
[Date "2020.12.19"]
[Round "5.2"]
[White "Maltsevskaya, Aleksandra"]
[Black "Grigoryan, Meri"]
[Result "1-0"]
[WhiteElo "2311"]
[BlackElo "2044"]
[Annotator "TA"]
[PlyCount "61"]
[EventDate "2020.12.19"]
[EventType "team-tourn"]
[EventCountry "NET"]
[SourceTitle "playchess.com"]
[Source "ChessBase"]
[SourceQuality "1"]

{[%evp 15,61,-6,-27,-78,12,-35,-22,-65,-53,-52,-47,-58,-55,-78,-78,-288,-272,-286,-279,-284,-287,-278,-279,-287,-279,-261,-185,-189,0,0,358,290,271,240,432,431,432,432,418,316,317,305,612,452,581,539,2135,2122]} 1. e4 e5 2. Nf3 Nc6 3. Bc4 Bc5 4. b4 Bxb4 5. c3 Bc5 6. O-O d6 7. d4 exd4 8. cxd4 Bb6 $1 9. Qb3 {C51: Evans Gambit: Declined and Accepted without 5...Ba5.} (9. Nc3 $11 {remains equal.}) 9... Qe7 ({Better is} 9... Na5 $1 $17 {[%cal Ra5b3]} 10. Qa4+ (10. Bxf7+ $2 Kf8 $19) 10... Bd7) 10. Bg5 Na5 {[#]} 11. Qa4+ $146 {The position is equal.} ({Predecessor:} 11. Qd3 f6 12. Bb5+ c6 13. Bd2 Bg4 14. Ba4 Bxf3 15. gxf3 Nh6 16. d5 O-O 17. Nc3 {½-½ (38) Horvath,A (2305)-Rinaldo,J Budapest 2006}) 11... Bd7 12. Bb5 (12. Bxe7 $2 {too greedy.} Bxa4 13. Bxd6 Nxc4 $19) 12... Bxb5 13. Qxb5+ Qd7 $1 {[%cal Rd7b5]} 14. Qe2 h6 15. Bh4 $2 (15. Be3 $17 {might work better.}) 15... g5 $19 16. Bg3 g4 17. Nh4 Bxd4 18. Nd2 Bxa1 19. Rxa1 Nc6 20. Rb1 Rb8 21. Nf5 {[#]} Nf6 $2 (21... h5 $1 $19 {...Nge7 is the strong threat.} 22. f3 Nge7 23. fxg4 hxg4 24. Qxg4 Rg8 25. Ng7+ Kd8) 22. Bh4 $11 Qd8 $2 {[%mdl 8192]} (22... Ng8 $1 $11 {and Black has nothing to worry.}) 23. Ng7+ Kf8 {[#]} 24. Nh5 $1 {[%mdl 576] Pin} Rg8 $2 ({Avoid the trap} 24... Nd4 $2 25. Qc4 $18) (24... Nxh5 {is a better defense.} 25. Bxd8 Nxd8 26. Qxg4 Nf6) (24... Nxh5 25. Bxd8) 25. Nxf6 $18 ({Weaker is} 25. Bxf6 Qd7 $18) 25... Qc8 26. Nxg8 Kxg8 27. Nc4 {[%cal Bd2c4,Bc4e3,Be3f5,Bf5e7][%mdl 32]} Qe6 28. Ne3 h5 $2 (28... Qxe4 29. Qxg4+ Qxg4 30. Nxg4 Kg7) 29. Nf5 {White is clearly winning.} Ne5 30. Qe3 Qg6 31. Ne7+ {[%mdl 64] Double Attack.  Weighted Error Value: White=0.48/Black=0.91} 1-0

[Event "EWCCC Online Preliminary-D 2020"]
[Site "Online"]
[Date "2020.12.19"]
[Round "5.2"]
[White "Corke, Anya S"]
[Black "Gunina, Valentina"]
[Result "0-1"]
[WhiteElo "2255"]
[BlackElo "2451"]
[Annotator "TA"]
[PlyCount "48"]
[EventDate "2020.12.19"]
[EventType "team-tourn"]
[EventCountry "NET"]
[SourceTitle "playchess.com"]
[Source "ChessBase"]
[SourceQuality "1"]

{[%evp 9,48,-13,-8,-20,-32,-29,-5,-88,-80,-109,-87,-93,-94,-93,-70,-74,-64,-52,-23,-59,-44,-47,-59,-77,-60,-86,-80,-88,-71,-80,-86,-90,-95,-117,-100,-91,-77,-275,-279,-272,-272]} 1. d4 d5 2. Nf3 Nf6 3. e3 Bg4 4. Bd3 e6 5. Nbd2 c5 6. b3 {D04: Colle System.} cxd4 7. exd4 Bb4 8. O-O (8. Bb2 $1 $11 {remains equal.}) 8... Bc3 $17 {[#]} 9. Rb1 $146 {[#]} ({Predecessor:} 9. Ba3 Bxd4 10. Rc1 Qa5 11. Bd6 Bc5 12. Bxc5 Qxc5 13. c4 O-O 14. cxd5 Qxd5 15. Qc2 {0-1 (29) Tesar,J (2086)-Piankov,E (2327) Tabor 2011}) 9... Bxd4 $1 {[%mdl 512]} 10. h3 (10. Nxd4 Bxd1) 10... Bxf3 11. Nxf3 Bc5 12. Bb2 O-O 13. c4 h6 14. Ne5 Nc6 15. Nxc6 bxc6 {[%cal Bb7c6,Bc6d5][%mdl 32]} 16. Qf3 Bd6 17. Rbd1 Re8 18. Rfe1 a5 19. cxd5 cxd5 20. Bb5 {Black must now prevent Bxf6.} Rf8 21. Rd4 Qb6 22. Rh4 e5 (22... Qxb5 23. Bxf6 Rfe8 {[#]} 24. Rg4 $1 $16 {[%mdl 512]}) 23. Bd3 $2 (23. a4 $17) 23... e4 $19 {[%mdl 64] Double Attack} 24. Qf5 Bg3 {Weighted Error Value: White=0.39/Black=0.08} 0-1

[Event "EWCCC Online Preliminary-D 2020"]
[Site "Online"]
[Date "2020.12.19"]
[Round "5.2"]
[White "Sarakauskiene, Zivile"]
[Black "Salimova, Nurgyul"]
[Result "0-1"]
[WhiteElo "2101"]
[BlackElo "2397"]
[Annotator "RC"]
[PlyCount "116"]
[EventDate "2020.12.19"]
[EventType "team-tourn"]
[EventCountry "NET"]
[SourceTitle "playchess.com"]
[Source "ChessBase"]
[SourceQuality "1"]
[TimeControl "900+5"]

1. e4 {[%emt 0:00:04]} c6 {[%emt 0:00:02]} 2. d4 {[%emt 0:00:02]} d5 {[%emt 0:00:02]} 3. Nc3 {[%emt 0:00:03]} dxe4 {[%emt 0:00:01]} 4. Nxe4 {[%emt 0:00:03]} Nf6 {[%emt 0:00:02]} 5. Nxf6+ {[%emt 0:00:02]} exf6 {[%emt 0:00:01]} 6. c3 {[%emt 0:00:02]} Bd6 {[%emt 0:00:02]} 7. Bd3 {[%emt 0:00:05]} O-O {[%emt 0:00:02]} 8. Qc2 {[%emt 0:00:09]} Re8+ {[%emt 0:00:02]} 9. Ne2 {[%emt 0:00:03]} h5 {[%emt 0:00:02]} 10. h3 {[%emt 0:00:32]} Nd7 {[%emt 0:01:11]} 11. Be3 {[%emt 0:00:19]} Nf8 {[%emt 0:00:09]} 12. O-O-O {[%emt 0:00:17]} Be6 {[%emt 0:00:16]} 13. Kb1 {[%emt 0:00:19]} h4 {[%emt 0:03:53]} 14. Bf4 {[%emt 0:02:42]} Bd5 {[%emt 0:00:31]} 15. Bxd6 {[%emt 0:01:13]} Qxd6 {[%emt 0:00:03]} 16. Rhg1 {[%emt 0:01:20]} b5 {[%emt 0:01:25]} 17. g3 {[%emt 0:03:04]} Ng6 {[%emt 0:02:23]} 18. b3 {[%emt 0:00:23]} Bf3 {[%emt 0:00:23]} 19. Rde1 {[%emt 0:00:09]} b4 {[%emt 0:00:12]} 20. Kb2 {[%emt 0:00:51]} bxc3+ {[%emt 0:01:02]} 21. Qxc3 {[%emt 0:00:13]} Bxe2 {[%emt 0:00:47]} 22. Rxe2 {[%emt 0:00:13]} Rxe2+ {[%emt 0:00:05]} 23. Bxe2 {[%emt 0:00:01]} Rd8 {[%emt 0:00:05]} 24. Rd1 {[%emt 0:00:16]} hxg3 {[%emt 0:00:03]} 25. fxg3 {[%emt 0:00:02]} Ne7 {[%emt 0:00:07]} 26. Qc5 {[%emt 0:01:03]} Qc7 {[%emt 0:00:44]} 27. Bg4 {[%emt 0:01:17]} Nd5 {[%emt 0:00:21]} 28. Rd3 {[%emt 0:00:09]} a5 {[%emt 0:00:13]} 29. a3 {[%emt 0:00:30]} g6 {[%emt 0:00:56]} 30. b4 {[%emt 0:00:18]} axb4 {[%emt 0:00:24]} 31. axb4 {[%emt 0:00:02]} Rb8 {[%emt 0:00:01]} 32. Rb3 {[%emt 0:00:02]} Rb5 {[%emt 0:00:09]} 33. Qc4 {[%emt 0:00:08]} Qb7 {[%emt 0:01:12]} 34. Bf3 {[%emt 0:00:24]} Kg7 {[%emt 0:00:35]} 35. Ka3 {[%emt 0:01:03]} Qa7+ {[%emt 0:00:09]} 36. Kb2 {[%emt 0:00:01]} Qd7 {[%emt 0:00:01]} 37. Bg4 {[%emt 0:00:11]} f5 {[%emt 0:00:11]} 38. Bf3 {[%emt 0:00:02]} Nb6 {[%emt 0:00:08]} 39. Qd3 {[%emt 0:00:12]} Qd6 {[%emt 0:00:05]} 40. g4 {[%emt 0:00:05]} fxg4 {[%emt 0:00:04]} 41. hxg4 {[%emt 0:00:02]} Rxb4 {[%emt 0:00:03]} 42. Rxb4 {[%emt 0:00:22]} Qxb4+ {[%emt 0:00:01]} 43. Kc2 {[%emt 0:00:02]} Qa4+ {[%emt 0:00:13]} 44. Kd2 {[%emt 0:00:06]} Nc4+ {[%emt 0:00:05]} 45. Ke2 {[%emt 0:00:02]} Qa2+ {[%emt 0:00:05]} 46. Ke1 {[%emt 0:00:07]} Qa1+ {[%emt 0:00:05]} 47. Kf2 {[%emt 0:00:05]} Na5 {[%emt 0:00:10]} 48. Kg3 {[%emt 0:00:10]} Qg1+ {[%emt 0:00:03]} 49. Bg2 {[%emt 0:00:04]} Qe1+ {[%emt 0:00:02]} 50. Kh3 {[%emt 0:00:03]} Qc1 {[%emt 0:00:09]} 51. Kg3 {[%emt 0:00:08]} Nb7 {[%emt 0:00:07]} 52. d5 {[%emt 0:00:04]} cxd5 {[%emt 0:00:03]} 53. Bxd5 {[%emt 0:00:03]} Qc7+ {[%emt 0:00:04]} 54. Kg2 {[%emt 0:00:04]} Nc5 {[%emt 0:00:04]} 55. Qd4+ {[%emt 0:00:03]} Kg8 {[%emt 0:00:02]} 56. Qf6 {[%emt 0:00:05]} Kf8 {[%emt 0:00:07]} 57. Qh8+ {[%emt 0:00:14]} Ke7 {[%emt 0:00:01]} 58. Qg7 {[%emt 0:00:05]} Qf4 {[%emt 0:00:07]} 0-1